[Event "BRA-ch U14"]
[Site "Brasilia"]
[Date "2017.04.23"]
[Round "6"]
[White "Guedes, Arthur Luiz da Silv"]
[Black "Passos, Rafael Moreira"]
[Result "1-0"]
[WhiteElo "1755"]
[BlackElo "1480"]
[PlyCount "47"]
[EventDate "2017.04.21"]
[EventType "swiss"]
[EventRounds "6"]
[EventCountry "BRA"]
[SourceTitle "CBM 177 Extra"]
[Source "ChessBase"]
[SourceDate "2017.04.27"]
[SourceVersion "1"]
[SourceVersionDate "2017.04.27"]
[SourceQuality "1"]

1. e4 c5 2. Nf3 e6 3. g3 Nc6 4. Bg2 Qc7 5. Nc3 Nf6 6. 0-0 Be7 7. d3 d5 8. exd5 exd5 9. Bd2 0-0 10. Re1 Bg4 11. Bf4 Qd7 12. Qd2 Rfe8 13. Nb5 a6 14. Nc7 Nh5 15. Nxa8 Rxa8 16. Ne5 Nxe5 17. Rxe5 Nxf4 18. Qxf4 Bd6 19. Bxd5 Bxe5 20. Qxe5 Re8 21. Qf4 Bh3 22. Be4 Qe6 23. c4 f5 24. Bd5 1-0